000 00635nam a2200229Ia 4500
003 OSt
005 20221006164115.0
006 a|||||r|||| 00| 0
007 ta
008 221006b |||||||| |||| 00| 0 eng d
024 _a103
037 _cTextual
040 _aFML
_cFML
_beng
041 _2eng
_aeng
082 _aNR44'N<----H, Q0 -; 2
100 _aBor Joep Au.
_9676620
245 0 _aHindustani Music
_b Thirteenth To Twentieth Centuries
260 _aDelhi
_bManoharlal
_c2010
300 _a736
_ccm.
942 _hNR44'N<----H, Q0 -; 2
_cTEXL
_2CC
999 _c1116241
_d1116241